'Long' WH-movements and referentiality

Bibliographic Details
Published in:Current issues in comparative grammar, ed. by Robert Freidin, Dordrecht [etc.], 1996, p. 226-248 (Studies in natural language and linguistic theory)
Main Author: Cinque, Guglielmo
Content type: Article
Source:MPIPL_cat

MARC

LEADER 00000naa a2200000 u 4500
001 PL0072736
003 PLI01000000000000000070754
005 00000000000000.0
008 ||| u
100 1 |a Cinque, Guglielmo 
245 0 0 |a 'Long' WH-movements and referentiality  |c Guglielmo Cinque 
773 0 8 |t Current issues in comparative grammar  |a ed. by Robert Freidin  |d Dordrecht [etc.], 1996  |g p. 226-248  |k Studies in natural language and linguistic theory  |w MPIPL_cat.PL0067362  |z 0-7923-3778-6  |i In: 
952 |j 1996  |h p. 226-248 
996 |a Aufsatz 
997 |a book chapter